Nihon no shin chūkansō /

Disimpan dalam:
Butiran Bibliografi
Pengarang-pengarang Lain: Ariyoshi, Hiroyuki., Hamaguchi, Haruhiko, 1933-
Format: Buku
Bahasa:Japanese
Diterbitkan: Tōkyō : Waseda Daigaku Shuppanbu, 1982.
Subjek-subjek:
Penanda-penanda: Tambah Penanda
Tiada Penanda, Jadilah orang pertama menanda rekod ini!
LEADER 01014nam a2200289 a 4500
001 007738512-8
005 20024617115255.0
008 820603s1982 ja a b 000 0 jpn
010 |a 82161366 /AJ 
020 |c Y2600 
035 0 |a ocm17041788 
040 |a DLC  |c DLC  |d CLU  |d CU-S  |d *YNH*  |d CStRLIN 
050 0 |a HD8039.M4  |b J3533 1982 
245 0 0 |6 880-01  |a Nihon no shin chūkansō /  |c Ariyoshi Hiroyuki, Hamaguchi Haruhiko hen. 
260 |6 880-02  |a Tōkyō :  |b Waseda Daigaku Shuppanbu,  |c 1982. 
300 |a x, 277 p. :  |b ill. ;  |c 19 cm. 
504 |a Includes bibliographical references. 
650 0 |a White collar workers  |z Japan. 
650 0 |a Middle class  |z Japan. 
700 1 |6 880-03  |a Ariyoshi, Hiroyuki. 
700 1 |6 880-04  |a Hamaguchi, Haruhiko,  |d 1933- 
880 0 0 |6 245-01  |a 日本の新中間層 /  |c 有吉広介, 浜口晴彥編. 
880 |6 260-02  |a 東京 :  |b 早稲田大学出版部,  |c 1982. 
880 1 |6 700-03  |a 有吉広介. 
880 1 |6 700-04  |a 浜口晴彥,  |d 1933- 
988 |a 20021209 
906 |0 DLC